| 000 | 00379pab a2200157 454500 | ||
|---|---|---|---|
| 008 | 180718b2001 xxu||||| |||| 00| 0 eng d | ||
| 100 | _aSachar, Rajindar | ||
| 245 | _aPOTO: Unleashing tyranny by law | ||
| 260 | _c2001 | ||
| 300 | _ap.12-14 | ||
| 362 | _aNov-Dec | ||
| 650 | _aPrevention of Terrorism Ordinance | ||
| 650 | _aTerrorism | ||
| 773 | _aManushi | ||
| 909 | _a51402 | ||
| 999 |
_c51402 _d51402 |
||